Prediktívne riadenie laboratórného tepelného procesu

Gespeichert in:
Bibliographische Detailangaben
1. Verfasser: Matúš, Róbert (Verfasst von)
Weitere Verfasser: Miklovičová, Eva, 1967- (Betreuung Doktorarbeit)
Format: Manuskript Buch
Sprache:Slowakisch
Veröffentlicht: Bratislava : STU v Bratislave FEI, 2009
Schlagworte:
Tags: Tag hinzufügen
Keine Tags, Fügen Sie das erste Tag hinzu!

MARC

LEADER 00000ntm a22000003a 4500
001 stu190824
005 20160719165133.3
008 090928s2006------------------------slo-d
040 |a STU  |b slo 
041 0 |a slo 
100 1 |a Matúš, Róbert  |4 aut 
245 1 |a Prediktívne riadenie laboratórného tepelného procesu 
260 |a Bratislava :  |b STU v Bratislave FEI,  |c 2009 
300 |a 46 s 
650 7 |a kybernetika  |2 stusub 
650 7 |a prediktívne riadenie  |2 stusub 
650 7 |a laboratórne práce  |2 stusub 
700 1 |a Miklovičová, Eva,  |d 1967-  |4 ths  |u E011  |U FEI Fakulta elektrotechniky a informatiky  |T FEI Ústav robotiky a kybernetiky  |X 4909  |U E011  |Y 356  |7 A000004909